00975 2200193 4500001002100000005001500021035002000036008004100056245003100097100002100128250000600149260003600155300001200191084001400203082000800217650001000225520053400235990001200769INLIS00000000000108220240522102840 a0010-0524000317240522 1 ind 1 aRealize /cLouisse Carreon aCarreon, Louisse a1 aJawa Timur :bHaru Media,c2017 a280 hlm a813 LOU r a813 4aFiksi aPindah ke New York, menyesuaikan gaya hidup dan adaptasi dengan sekolah barunya. Bisakah Maxine Ferguson melakukannya? Sekolah baru Maxine adalah sekolah untuk para elit. Ditambah, tetangganya, Todd Samuels adalah tipe cowok sombong dan brengsek. Benar-benar cowok yang sangat ingin Maxine hindari. Namun, seiring berjalannya waktu, Maxine menyadari bahwa Todd ternyata punya sisi lucu. Mereka berdua pun ternyata memiliki chemistry yang kuat di atas panggung. Ada sesuatu yang terjadi di antara dua sejoli ini. Apakah itu cinta? a0744060